[Event "Bucharest ROM GP"]
[Site "Bucharest"]
[Date "2025.05.10"]
[Round "2"]
[White "Istratescu, Andrei"]
[Black "Siddharth, Gopakumar"]
[Result "1-0"]
[WhiteElo "2350"]
[BlackElo "1846"]
[PlyCount "85"]
[EventDate "2025.05.10"]
[EventType "swiss"]
[EventRounds "10"]
[EventCountry "ROU"]
[SourceTitle "CB20_2025"]
[SourceDate "2025.05.14"]
[SourceVersion "1"]
[SourceVersionDate "2025.05.14"]
[SourceQuality "1"]

1. c4 c6 2. e4 d5 3. exd5 cxd5 4. cxd5 Nf6 5. Qa4+ Bd7 6. Qb3 Qc7 7. Nc3 a6 8. d4 g6 9. Nf3 Bg7 10. g3 0-0 11. Bg2 Bc8 12. Bf4 Qd8 13. 0-0 Nbd7 14. d6 e6 15. d5 Nb6 16. dxe6 Bxe6 17. Qd1 Nc4 18. Ng5 Bd7 19. b3 Na5 20. Rc1 Bc6 21. Nd5 Nxd5 22. Bxd5 Bxd5 23. Qxd5 Nc6 24. Rfd1 Qd7 25. Ne4 Qe6 26. Qxe6 fxe6 27. Nc5 e5 28. Be3 Nd4 29. Bxd4 exd4 30. Ne6 Rf7 31. Nxg7 Kxg7 32. Rxd4 Rd8 33. Rc7 Rdd7 34. Rxd7 Rxd7 35. f4 Kf6 36. Kf2 Ke6 37. Ke3 Rxd6 38. Rxd6+ Kxd6 39. Kd4 b6 40. g4 Ke6 41. Ke4 Kf6 42. Kd5 h5 43. h3 1-0

[Event "Daventry 4NCL op-A 30th"]
[Site "Daventry"]
[Date "2023.06.18"]
[Round "5"]
[White "Siddharth, Gopakumar"]
[Black "Zakarian, Dimitrios Levon"]
[Result "0-1"]
[WhiteElo "1871"]
[BlackElo "1995"]
[PlyCount "96"]
[EventDate "2023.06.16"]
[EventType "swiss"]
[EventRounds "5"]
[EventCountry "ENG"]
[SourceTitle "CBM 214 Extra"]
[Source "ChessBase"]
[SourceDate "2023.07.31"]
[SourceVersion "1"]
[SourceVersionDate "2023.07.31"]
[SourceQuality "1"]

1. e4 c5 2. Nf3 e6 3. d4 cxd4 4. Nxd4 a6 5. c4 Nf6 6. Nc3 Qc7 7. a3 b6 8. Be3 Bb7 9. f3 d6 10. Be2 Nbd7 11. b4 Be7 12. 0-0 0-0 13. Qd2 Rfe8 14. Rfd1 Rac8 15. Rac1 Qb8 16. Kh1 Bd8 17. g4 Ne5 18. g5 Nfd7 19. Na4 d5 20. c5 b5 21. Nc3 dxe4 22. Nxe4 Be7 23. Bf4 Qa8 24. Qe3 Ng4 25. fxg4 Bxe4+ 26. Bf3 Bd5 27. Bxd5 exd5 28. Qf3 Nf8 29. Re1 Ng6 30. Nf5 a5 31. h4 Bf8 32. h5 Nxf4 33. Qxf4 axb4 34. axb4 Re4 35. Rxe4 dxe4 36. Re1 Re8 37. Kg1 Qd5 38. Qf1 Qd2 39. Nd6 Bxd6 40. cxd6 Qxd6 41. Qxb5 Qg3+ 42. Kf1 Qf3+ 43. Kg1 Qxg4+ 44. Kf1 Rf8 45. Qd5 Qf3+ 46. Kg1 Qg3+ 47. Kf1 e3 48. b5 Qf2# 0-1

[Event "Harrogate 4NCL op-A 29th"]
[Site "Harrogate"]
[Date "2023.01.20"]
[Round "1"]
[White "Siddharth, Gopakumar"]
[Black "Jones, Steven"]
[Result "0-1"]
[WhiteElo "1871"]
[BlackElo "2160"]
[PlyCount "110"]
[EventDate "2023.01.20"]
[EventType "swiss"]
[EventRounds "5"]
[EventCountry "ENG"]
[SourceTitle "CBM 212 Extra"]
[Source "ChessBase"]
[SourceDate "2023.03.31"]
[SourceVersion "1"]
[SourceVersionDate "2023.03.31"]
[SourceQuality "1"]

1. e4 c5 2. Nf3 Nc6 3. d4 cxd4 4. Nxd4 Nf6 5. Nc3 e5 6. Ndb5 d6 7. Nd5 Nxd5 8. exd5 Nb8 9. c4 Be7 10. Bd3 0-0 11. 0-0 a6 12. Nc3 f5 13. f3 Nd7 14. Kh1 Kh8 15. a3 a5 16. Rb1 Nc5 17. Bc2 Bf6 18. b4 Na6 19. Nb5 axb4 20. axb4 Nc7 21. Nxc7 Qxc7 22. Bd3 g6 23. Qc2 b6 24. Be3 f4 25. Bg1 Bb7 26. b5 Ra3 27. Rb3 Ra4 28. Qf2 Bd8 29. Qe2 Bc8 30. Rfb1 Bd7 31. Rb4 Ra3 32. R4b3 Ra4 33. Rb4 Ra5 34. Qc2 Kg7 35. Ra4 Qa7 36. Rba1 Rxa4 37. Rxa4 Qb8 38. Qa2 Bc7 39. Ra7 h5 40. Bf2 Kh6 41. Be1 g5 42. Bb4 Qd8 43. Qa3 Rf6 44. Bc2 g4 45. Ra8 Qe7 46. Rh8+ Kg5 47. Qa8 Rf7 48. Qg8+ Rg7 49. Rh7 Rxg8 50. Rxe7 Rd8 51. Rg7+ Kf6 52. Rg6+ Ke7 53. Rh6 Ra8 54. Rh7+ Kd8 55. Bc3 Ra3 0-1

[Event "Leamington Spa 4NCL op-A 28th"]
[Site "Leamington Spa"]
[Date "2022.07.09"]
[Round "3"]
[White "Siddharth, Gopakumar"]
[Black "Walker, Martin Graham"]
[Result "1/2-1/2"]
[WhiteElo "1870"]
[BlackElo "2154"]
[PlyCount "92"]
[EventDate "2022.07.08"]
[EventType "swiss"]
[EventRounds "5"]
[EventCountry "ENG"]
[SourceTitle "CBM 209 Extra"]
[Source "ChessBase"]
[SourceDate "2022.09.30"]
[SourceVersion "1"]
[SourceVersionDate "2022.09.30"]
[SourceQuality "1"]

1. d4 Nf6 2. c4 g6 3. Nc3 d5 4. cxd5 Nxd5 5. e4 Nxc3 6. bxc3 Bg7 7. Bc4 c5 8. Ne2 Nc6 9. Be3 0-0 10. 0-0 Bg4 11. f3 Bd7 12. Rb1 Rc8 13. dxc5 Na5 14. Bb5 Be6 15. Qa4 Nc6 16. Nd4 Bd7 17. Bxc6 Bxc6 18. Qxa7 Ra8 19. Qb6 Rxa2 20. Nxc6 bxc6 21. Rfd1 Qc8 22. Bd4 Qe6 23. Qb3 Qxb3 24. Rxb3 Rd8 25. Rbb1 Rc2 26. Bxg7 Rxd1+ 27. Rxd1 Kxg7 28. Rd3 Kf6 29. h4 Ra2 30. Kh2 Ra5 31. Kg3 Rxc5 32. Kf4 Rc4 33. Ke3 Ke6 34. Kd2 Ra4 35. Ke2 Ke5 36. Ke3 Ra2 37. g3 Rc2 38. f4+ Ke6 39. Kd4 Kd6 40. e5+ Kc7 41. c4 Ra2 42. Kc5 Ra7 43. Kb4 Rb7+ 44. Kc5 Ra7 45. Kb4 Rb7+ 46. Kc5 Ra7 1/2-1/2

[Event "Bucharest Super Rapid op"]
[Site "Bucharest"]
[Date "2022.04.30"]
[Round "1"]
[White "Siddharth, Gopakumar"]
[Black "Deac, Bogdan Daniel"]
[Result "0-1"]
[WhiteElo "1870"]
[BlackElo "2679"]
[PlyCount "94"]
[EventDate "2022.04.30"]
[EventType "swiss (rapid)"]
[EventRounds "10"]
[EventCountry "ROU"]
[SourceTitle "CBM 208 Extra"]
[Source "ChessBase"]
[SourceDate "2022.07.31"]
[SourceVersion "1"]
[SourceVersionDate "2022.07.31"]
[SourceQuality "1"]

1. e4 c6 2. d4 d5 3. Nc3 a6 4. Nf3 Bg4 5. h3 Bh5 6. Be2 e6 7. a3 Nf6 8. Qd3 Bg6 9. Nd2 Nbd7 10. Qe3 dxe4 11. Ndxe4 Nd5 12. Qd3 Be7 13. Qd1 0-0 14. 0-0 Qc7 15. Bh5 Bf5 16. Ng3 Nxc3 17. bxc3 Bg6 18. Bxg6 hxg6 19. c4 b5 20. d5 cxd5 21. cxd5 Bf6 22. Rb1 exd5 23. Qxd5 Nb6 24. Qb3 Rac8 25. Be3 Na4 26. Ne4 Qxc2 27. Nxf6+ gxf6 28. Bd4 Qxb3 29. Rxb3 Rc6 30. Rf3 f5 31. g4 Rc4 32. Bf6 Nc5 33. gxf5 Ne4 34. Be7 Nd2 35. Rg3 Nxf1 36. Kxf1 Re8 37. Bb4 Rc6 38. fxg6 fxg6 39. Kg2 Ra8 40. Ba5 Ra7 41. Re3 Rf7 42. Rg3 Rf4 43. Bb4 Kf7 44. Re3 Rc2 45. Rf3 Rxf3 46. Kxf3 Rc4 47. Ke3 Rh4 0-1

[Event "London Mill Hill op U2200"]
[Site "London"]
[Date "2021.11.28"]
[Round "5"]
[White "Siddharth, Gopakumar"]
[Black "Kumar, Sanjit S"]
[Result "1/2-1/2"]
[WhiteElo "1872"]
[BlackElo "1769"]
[PlyCount "35"]
[EventDate "2021.11.27"]
[EventType "swiss"]
[EventRounds "5"]
[EventCountry "ENG"]
[SourceTitle "EXT 2023"]
[Source "ChessBase"]
[SourceDate "2022.10.05"]
[SourceVersion "1"]
[SourceVersionDate "2022.10.05"]
[SourceQuality "1"]

1. e4 e6 2. d4 d5 3. Nc3 Bb4 4. exd5 exd5 5. Bd3 Nf6 6. Nge2 0-0 7. 0-0 h6 8. a3 Bd6 9. Bf4 Bg4 10. f3 Be6 11. Qd2 c6 12. Ng3 Qc7 13. Nce2 Nbd7 14. Bxh6 gxh6 15. Qxh6 Rfe8 16. Nh5 Nxh5 17. Bh7+ Kh8 18. Bd3+ 1/2-1/2

[Event "London Mill Hill op U2200"]
[Site "London"]
[Date "2021.11.27"]
[Round "3"]
[White "Badacsonyi, Stanley Ethan Artie"]
[Black "Siddharth, Gopakumar"]
[Result "1/2-1/2"]
[WhiteElo "1439"]
[BlackElo "1872"]
[PlyCount "59"]
[EventDate "2021.11.27"]
[EventType "swiss"]
[EventRounds "5"]
[EventCountry "ENG"]
[SourceTitle "EXT 2023"]
[Source "ChessBase"]
[SourceDate "2022.10.05"]
[SourceVersion "1"]
[SourceVersionDate "2022.10.05"]
[SourceQuality "1"]

1. d4 d5 2. Nc3 Nf6 3. Bf4 e6 4. Nb5 Na6 5. e3 c6 6. Nc3 Bd6 7. Bxd6 Qxd6 8. Bxa6 bxa6 9. Nf3 Rb8 10. Rb1 0-0 11. 0-0 c5 12. dxc5 Qxc5 13. Qd4 Qxd4 14. exd4 Bd7 15. Ne5 Rb7 16. f4 Rfb8 17. Nd3 Bb5 18. Nxb5 Rxb5 19. f5 Ne4 20. Rbe1 a5 21. b3 R5b6 22. Ne5 Rc8 23. fxe6 f6 24. Nd3 Rxe6 25. Nf4 Ree8 26. Nxd5 Rxc2 27. Nf4 Nd6 28. Rxe8+ Nxe8 29. Rf2 Rc1+ 30. Rf1 1/2-1/2

[Event "Newcastle Northumbria Masters"]
[Site "Newcastle on Tyne"]
[Date "2021.08.30"]
[Round "8"]
[White "Homer, Stephen J"]
[Black "Siddharth, Gopakumar"]
[Result "0-1"]
[WhiteElo "1988"]
[BlackElo "1856"]
[PlyCount "66"]
[EventDate "2021.08.26"]
[EventType "swiss"]
[EventRounds "9"]
[EventCountry "ENG"]
[SourceTitle "CBM 204 Extra"]
[Source "ChessBase"]
[SourceDate "2021.11.30"]
[SourceVersion "1"]
[SourceVersionDate "2021.11.30"]
[SourceQuality "1"]

1. e4 c5 2. Nf3 d6 3. d4 cxd4 4. Nxd4 Nf6 5. Nc3 a6 6. g3 e5 7. Nde2 Be7 8. Bg2 0-0 9. 0-0 b5 10. Nd5 Nbd7 11. Nec3 Nxd5 12. Nxd5 Nf6 13. Nxe7+ Qxe7 14. Qd3 Rd8 15. Rd1 Bb7 16. Bg5 Rac8 17. c3 h6 18. Bxf6 Qxf6 19. a4 Rc5 20. b4 Rc4 21. axb5 axb5 22. Ra7 Rd7 23. Qe3 Qd8 24. Bh3 Rdc7 25. Qb6 Bxe4 26. Rxd6 Qe7 27. Qb8+ Kh7 28. Raa6 Rxc3 29. Qxb5 Rc1+ 30. Bf1 Qg5 31. f4 R7c2 32. fxg5 Rg2+ 33. Kh1 Rxg3# 0-1

[Event "Newcastle Northumbria Masters"]
[Site "Newcastle on Tyne"]
[Date "2021.08.28"]
[Round "5"]
[White "Siddharth, Gopakumar"]
[Black "Merriman, John"]
[Result "0-1"]
[WhiteElo "1856"]
[BlackElo "2245"]
[PlyCount "130"]
[EventDate "2021.08.26"]
[EventType "swiss"]
[EventRounds "9"]
[EventCountry "ENG"]
[SourceTitle "CBM 204 Extra"]
[Source "ChessBase"]
[SourceDate "2021.11.30"]
[SourceVersion "1"]
[SourceVersionDate "2021.11.30"]
[SourceQuality "1"]

1. e4 e6 2. d4 d5 3. Bd3 dxe4 4. Bxe4 c5 5. Ne2 Nf6 6. Bf3 Nc6 7. Be3 e5 8. Bxc6+ bxc6 9. dxe5 Qxd1+ 10. Kxd1 Ng4 11. Nd2 Nxe5 12. Re1 Ng4 13. Bf4 Be6 14. Ne4 0-0-0+ 15. Kc1 f5 16. h3 fxe4 17. hxg4 Bxg4 18. Nc3 Bf5 19. Nxe4 Re8 20. f3 g5 21. Bg3 g4 22. Bf4 Rg8 23. a4 gxf3 24. gxf3 Bxe4 25. fxe4 Rg4 26. Bd2 Rgxe4 27. Rxe4 Rxe4 28. Ra3 Be7 29. Kd1 h5 30. Rh3 h4 31. b3 Kd7 32. Be3 Ke6 33. Rf3 a6 34. Kd2 c4 35. Kc3 cxb3 36. cxb3 Bf6+ 37. Kd3 Rb4 38. Kc2 Rg4 39. Kd3 Rg3 40. Ke4 Rg2 41. b4 Rg4+ 42. Rf4 Rg8 43. Bd4 Be7 44. Bc3 Rg3 45. Be1 Rb3 46. Rf3 Rb1 47. Bc3 Rh1 48. Re3 Rf1 49. Kd4+ Kd6 50. Ke4 Rd1 51. Kf5 Rd5+ 52. Ke4 Rg5 53. Kf4 Rd5 54. Be5+ Kd7 55. Kg4 Bxb4 56. Kxh4 c5 57. Kg4 c4 58. Bc3 a5 59. Kf4 Kc6 60. Re6+ Kc5 61. Re3 Bxc3 62. Rxc3 Kb4 63. Rc1 c3 64. Ke4 Rd8 65. Ke3 Kb3 0-1

[Event "London Classic op 11th"]
[Site "London"]
[Date "2019.12.04"]
[Round "7"]
[White "Bucher, Grant"]
[Black "Siddharth, Gopakumar"]
[Result "1-0"]
[WhiteElo "2121"]
[BlackElo "1848"]
[PlyCount "73"]
[EventDate "2019.11.29"]
[EventType "swiss"]
[EventRounds "9"]
[EventCountry "ENG"]
[SourceTitle "CBM 193 Extra"]
[Source "ChessBase"]
[SourceDate "2020.01.31"]
[SourceVersion "1"]
[SourceVersionDate "2020.01.31"]
[SourceQuality "1"]

1. e4 c5 2. Nf3 Nc6 3. Bb5 g6 4. Bxc6 bxc6 5. 0-0 Bg7 6. Re1 Nh6 7. c3 0-0 8. d4 cxd4 9. cxd4 d5 10. e5 f6 11. Nbd2 Bg4 12. h3 Bxf3 13. Nxf3 Qb6 14. b3 Nf7 15. Ba3 Rfe8 16. Qc2 Qc7 17. Rac1 Rac8 18. exf6 Bxf6 19. Re6 Nd8 20. Re2 Nf7 21. Re6 Nd8 22. Re2 Nf7 23. Rce1 e5 24. dxe5 Nxe5 25. Nxe5 Rxe5 26. Rxe5 Bxe5 27. Qe2 Bf6 28. Qe6+ Kg7 29. Bd6 Qb7 30. Be5 Rf8 31. Rc1 Qf7 32. Rxc6 Bxe5 33. Qxe5+ Kh6 34. Qe3+ Qf4 35. Qxf4+ Rxf4 36. Rc7 a5 37. Ra7 1-0

[Event "Douglas IoM op-B"]
[Site "Douglas"]
[Date "2018.10.24"]
[Round "3"]
[White "Siddharth, Gopakumar"]
[Black "Garcia Ruiz, Adrian"]
[Result "0-1"]
[WhiteElo "1833"]
[BlackElo "1972"]
[PlyCount "90"]
[EventDate "2018.10.22"]
[EventType "swiss"]
[EventRounds "7"]
[EventCountry "IOM"]
[SourceTitle "CBM 187 Extra"]
[Source "ChessBase"]
[SourceDate "2018.11.04"]
[SourceVersion "1"]
[SourceVersionDate "2018.11.04"]
[SourceQuality "1"]

1. d4 Nf6 2. Bg5 d5 3. Bxf6 gxf6 4. Nf3 c5 5. e3 Nc6 6. c4 cxd4 7. exd4 Bg4 8. cxd5 Qxd5 9. Nc3 Qa5 10. Qb3 Bxf3 11. gxf3 0-0-0 12. 0-0-0 Nxd4 13. Qc4+ Nc6 14. Rxd8+ Qxd8 15. Qxf7 Bh6+ 16. Kb1 Qd4 17. Bb5 Qe5 18. Qc4 Qf5+ 19. Qe4 Qxe4+ 20. fxe4 Nd4 21. Bc4 Nf3 22. Kc2 Bf4 23. h3 Rd8 24. Rd1 Rxd1 25. Kxd1 Kd7 26. Ke2 Ng1+ 27. Kf1 Nxh3 28. Kg2 Ng5 29. f3 Be5 30. Nd1 h5 31. b3 h4 32. Nf2 Bg3 33. Nd3 b6 34. Bd5 Ne6 35. Kh3 Nd4 36. f4 Ne2 37. f5 Nc3 38. Bb7 Nxa2 39. Kg4 Nc3 40. Nf4 Bxf4 41. Kxf4 Kd6 42. Ba6 h3 43. Kg3 h2 44. Kxh2 Nxe4 45. Kg2 Ke5 0-1

[Event "Douglas IoM op-B"]
[Site "Douglas"]
[Date "2018.10.22"]
[Round "1"]
[White "Siddharth, Gopakumar"]
[Black "Mai, Alexander Oliver"]
[Result "0-1"]
[WhiteElo "1833"]
[BlackElo "1995"]
[PlyCount "102"]
[EventDate "2018.10.22"]
[EventType "swiss"]
[EventRounds "7"]
[EventCountry "IOM"]
[SourceTitle "CBM 187 Extra"]
[Source "ChessBase"]
[SourceDate "2018.11.04"]
[SourceVersion "1"]
[SourceVersionDate "2018.11.04"]
[SourceQuality "1"]

1. e4 d5 2. exd5 Qxd5 3. Nc3 Qd8 4. Nf3 Nf6 5. d4 Bg4 6. Be2 e6 7. h3 Bh5 8. a3 Be7 9. Be3 Nbd7 10. g4 Bg6 11. Ne5 Nd5 12. Nxd5 exd5 13. c4 dxc4 14. Qa4 c6 15. Qxc4 Nb6 16. Qb3 Qd5 17. Qxd5 Nxd5 18. 0-0-0 0-0-0 19. h4 f6 20. Nxg6 hxg6 21. h5 g5 22. Bd3 Bd6 23. Bf5+ Kb8 24. Rhe1 Bc7 25. Bd2 Rd6 26. Re4 Rhd8 27. Be6 Bb6 28. Bc3 Nf4 29. Bb3 Bxd4 30. Rdxd4 Rxd4 31. Bxd4 Rxd4 32. Rxd4 Ne2+ 33. Kd2 Nxd4 34. Bg8 Nf3+ 35. Ke3 Ne5 36. Be6 Kc7 37. b3 Kd6 38. Bc8 b5 39. Ke4 a5 40. Kf5 c5 41. h6 gxh6 42. Kxf6 c4 43. bxc4 bxc4 44. Bf5 c3 45. f3 Nxf3 46. Kg7 Nd4 47. Bd3 c2 48. Bxc2 Nxc2 49. Kxh6 Nxa3 50. Kxg5 Nc4 51. Kf5 Ne3+ 0-1

[Event "London Classic op"]
[Site "London"]
[Date "2017.12.07"]
[Round "7"]
[White "Siddharth, Gopakumar"]
[Black "Sellmair, Reinhard"]
[Result "1/2-1/2"]
[WhiteElo "1808"]
[BlackElo "1936"]
[PlyCount "96"]
[EventDate "2017.12.02"]
[EventType "swiss"]
[EventRounds "9"]
[EventCountry "ENG"]
[SourceTitle "CBM 182 Extra"]
[Source "ChessBase"]
[SourceDate "2018.02.23"]
[SourceVersion "1"]
[SourceVersionDate "2018.02.23"]
[SourceQuality "1"]

1. d4 d5 2. c4 e6 3. Nc3 c5 4. cxd5 exd5 5. Nf3 Nc6 6. dxc5 Be6 7. e3 Bxc5 8. Bb5 a6 9. Ba4 Nf6 10. 0-0 0-0 11. a3 b5 12. b4 Nxb4 13. axb4 Bxb4 14. Qd4 Bxc3 15. Qxc3 bxa4 16. Rxa4 Qc8 17. Qe5 Ne4 18. Ng5 Nxg5 19. Qxg5 f6 20. Qg3 Qc2 21. Rh4 Rfc8 22. Ba3 Rc4 23. Rxc4 dxc4 24. Qd6 Qe4 25. Rd1 Bf7 26. Qb6 Qe8 27. h3 h6 28. Bb4 Qb5 29. Rd8+ Rxd8 30. Qxd8+ Kh7 31. Qd2 Qd5 32. Qxd5 Bxd5 33. f3 f5 34. Kf2 g5 35. g4 Be6 36. Kg3 Kg6 37. f4 Bd5 38. Bc3 Be4 39. fxg5 hxg5 40. h4 fxg4 41. Kxg4 Bf5+ 42. Kg3 g4 43. e4 Bd7 44. Kf4 Kh5 45. Kg3 Be6 46. e5 Bd5 47. Ba5 Be6 48. Bc3 Bd7 1/2-1/2

[Event "London Classic op"]
[Site "London"]
[Date "2017.12.02"]
[Round "1"]
[White "Yuan, Yuanling"]
[Black "Siddharth, Gopakumar"]
[Result "1-0"]
[WhiteElo "2243"]
[BlackElo "1808"]
[PlyCount "59"]
[EventDate "2017.12.02"]
[EventType "swiss"]
[EventRounds "9"]
[EventCountry "ENG"]
[SourceTitle "CBM 182 Extra"]
[Source "ChessBase"]
[SourceDate "2018.02.23"]
[SourceVersion "1"]
[SourceVersionDate "2018.02.23"]
[SourceQuality "1"]

1. e4 c5 2. Nf3 d6 3. d4 cxd4 4. Nxd4 Nf6 5. Nc3 a6 6. Be3 Ng4 7. Bc1 Nf6 8. f3 Qb6 9. Nb3 e6 10. Qe2 Nc6 11. Be3 Qc7 12. 0-0-0 b5 13. g4 Nd7 14. f4 Bb7 15. Bg2 Nc5 16. Qf2 b4 17. Ne2 Na5 18. Nxc5 dxc5 19. e5 Rc8 20. Bxb7 Qxb7 21. f5 exf5 22. gxf5 c4 23. Bb6 b3 24. axb3 Nxb3+ 25. cxb3 cxb3+ 26. Nc3 Bb4 27. Qd4 Bxc3 28. bxc3 b2+ 29. Kb1 0-0 30. Rhg1 1-0

[Event "London Classic op 8th"]
[Site "London"]
[Date "2016.12.13"]
[Round "6"]
[White "Siddharth, Gopakumar"]
[Black "Lentzos, Ioanis"]
[Result "0-1"]
[WhiteElo "1822"]
[BlackElo "2035"]
[PlyCount "70"]
[EventDate "2016.12.09"]
[EventType "swiss"]
[EventRounds "9"]
[EventCountry "ENG"]
[SourceTitle "CBM 176 Extra"]
[Source "ChessBase"]
[SourceDate "2017.03.02"]
[SourceVersion "1"]
[SourceVersionDate "2017.03.02"]
[SourceQuality "1"]

1. e4 c6 2. d4 d5 3. exd5 cxd5 4. c4 Nf6 5. Nc3 g6 6. Qb3 Bg7 7. cxd5 0-0 8. Be2 Na6 9. Bf3 Qb6 10. Qxb6 axb6 11. Bf4 Nb4 12. Kd2 Rd8 13. Bc7 Rd7 14. d6 Bh6+ 15. Ke2 Na6 16. Bxb6 Rxd6 17. Bc5 Nxc5 18. dxc5 Rd2+ 19. Kf1 Rxb2 20. Nge2 Ra3 21. Rb1 Rxb1+ 22. Nxb1 Rxa2 23. Nec3 Rc2 24. g3 Bh3+ 25. Ke1 Rc1+ 26. Ke2 Rc2+ 27. Kd3 Bf5+ 28. Kc4 Ne4 29. Bxe4 Bxe4 30. Re1 Bc6 31. Na3 Rxf2 32. Rxe7 Bf8 33. Rc7 Rf5 34. Kd3 Rxc5 35. Nc4 Be4+ 0-1